| 000 | 01191nam a2200253Ia 4500 | ||
|---|---|---|---|
| 003 | Ost | ||
| 005 | 20260507074921.0 | ||
| 008 | 260507s9999||||xx |||||||||||||| ||und|| | ||
| 020 | _a9957242687 | ||
| 040 | _cfsecg | ||
| 041 | _aara | ||
| 082 | _a350 | ||
| 100 |
_aعليان، ربحي مصطفى _eمؤلف |
||
| 245 | 0 |
_aأسس الادارة المعاصرة / _c ربحي مصطفى عليان |
|
| 260 |
_aعمان: _bدار صفاء, _c2007 |
||
| 300 |
_a430 صفحة؛ _bإيضاحات ؛ _c24 سم |
||
| 504 | _aببليوغرافيا: ص.423 | ||
| 520 | _aالمدخل إلى علم الادارة، التخطيط، اتخاذ القرارات الادارية، التنظيم، التوظيف وتقييم أداء العاملين، التوجيه والقيادة والرقابة والاشراف والتنسيق، الاتصال الاداري، تدريب العاملين أثناء الخدمة، ادارة الوقت، ادارة الاجتماعات، العلاقات العامة | ||
| 653 | _aاتخاذ القرارات | ||
| 653 | _aالادارة العامة | ||
| 653 | _aالتخطيط | ||
| 653 | _aتقييم الأداء | ||
| 942 | _cكتاب | ||
| 999 |
_c41801 _d41801 |
||